| 000 | 00563nam a2200205Ia 4500 | ||
|---|---|---|---|
| 008 | 131103s9999 xx 000 0 und d | ||
| 040 | _aLoreto College | ||
| 041 | _aEnglish | ||
| 082 |
_a226/CEC _bLCLIB |
||
| 100 | _aCecilia, Madame | ||
| 245 | 4 |
_aThe gospel according to ST Mark _cMadame Cecilia |
|
| 260 |
_aLondon _bKegan Paul, Trench & Trubner _c1904 |
||
| 300 |
_a494p. _c 20cm. |
||
| 440 | _aCatholic scripture manuals | ||
| 504 | _aIncludes index | ||
| 650 | _aGospels & Acts | ||
| 651 | _aChristianity | ||
| 850 | _aLCLIB/226/CEC | ||
| 942 | _cBK | ||
| 999 |
_c25629 _d76108 |
||